000 00839nam a2200229Ii 4500
003 JO-AjNU
008 230605s9999||||xx |||||||||||||| ||und||
017 _a1990/1340
040 _aJO-AjNU
_bara
_erda
_cJO-AjNU
041 _aara
050 1 4 _aBF1028.K5412.1985
100 3 _aقره كله،شفيقة ، العبيدي،سلمان يعقوب/ترجمة ، عبد الحميد،الحارث،مراجعة,
_eauthor
_98075
245 0 0 _aخوارق الإبداع
250 _aط12
264 3 1 _aد.م:الدار الوطنية للنشر والتوزيع والاعلان ،1985
300 _a253ص
336 _atext
_btxt
_2rdacontent
337 _aunmediated
_bn
_2rdamedia
338 _avolume
_bnc
_2rdacarrier
490 0 _aسلسلة كتاب الباراسايكولوجي 10
650 4 _aعلم نفس الخوارق
_98076
999 _aA603
_c4171
_d4171